[Event "Mediterranean-ch 8th"]
[Site "Beirut"]
[Date "2013.01.25"]
[Round "9"]
[White "Lebel, Patrick"]
[Black "Mawed, Moussa"]
[Result "1/2-1/2"]
[WhiteElo "2074"]
[BlackElo "2138"]
[PlyCount "46"]
[EventDate "2013.01.19"]
[EventType "swiss"]
[EventRounds "9"]
[EventCountry "LBN"]
[SourceTitle "CBM 152 Extra"]
[Source "ChessBase"]
[SourceDate "2013.02.25"]
[SourceVersion "1"]
[SourceVersionDate "2013.02.25"]
[SourceQuality "1"]

1. d4 d5 2. Bf4 Nf6 3. e3 e6 4. Nd2 Be7 5. Bd3 Nbd7 6. c3 Nf8 7. h3 Ng6 8. Ngf3 Nd7 9. 0-0 0-0 10. Ne5 c5 11. Bg3 f5 12. Nxg6 hxg6 13. Nf3 a6 14. Ne5 Nxe5 15. Bxe5 Bd7 16. a4 Bc6 17. Qe2 Bd6 18. Bxd6 Qxd6 19. f4 Kf7 20. Qf2 Rh8 21. Qg3 Qe7 22. Be2 b5 23. a5 c4 1/2-1/2

[Event "Mediterranean-ch 8th"]
[Site "Beirut"]
[Date "2013.01.20"]
[Round "2"]
[White "Shamieh, Jamal"]
[Black "Lebel, Patrick"]
[Result "1-0"]
[WhiteElo "2056"]
[BlackElo "2074"]
[PlyCount "79"]
[EventDate "2013.01.19"]
[EventType "swiss"]
[EventRounds "9"]
[EventCountry "LBN"]
[SourceTitle "CBM 152 Extra"]
[Source "ChessBase"]
[SourceDate "2013.02.25"]
[SourceVersion "1"]
[SourceVersionDate "2013.02.25"]
[SourceQuality "1"]

1. d4 g6 2. Nf3 Bg7 3. Bf4 d6 4. Qd2 Nd7 5. Nc3 e5 6. dxe5 dxe5 7. Bg5 f6 8. Bh4 Nh6 9. e4 Nf7 10. Bc4 c6 11. 0-0-0 Qe7 12. Kb1 Nb6 13. Bb3 Be6 14. Qe2 0-0 15. Ne1 Nd8 16. Nd3 Bxb3 17. axb3 Ne6 18. f3 Nd4 19. Qd2 Rfd8 20. Bf2 Rd7 21. Ne2 Rad8 22. Nxd4 exd4 23. Qa5 Nc8 24. Qc5 Qf7 25. Qc4 Qxc4 26. bxc4 b6 27. g4 c5 28. h4 Ne7 29. Bg3 Nc6 30. h5 Ne5 31. h6 Nxd3 32. cxd3 Bf8 33. f4 Bd6 34. Bh4 Bxf4 35. Bxf6 Re8 36. e5 Rf7 37. g5 Re6 38. Rh4 Be3 39. Kc2 a5 40. Kb3 1-0

[Event "Mediterranean-ch 8th"]
[Site "Beirut"]
[Date "2013.01.19"]
[Round "1"]
[White "Lebel, Patrick"]
[Black "Eid, Fadi"]
[Result "1/2-1/2"]
[WhiteElo "2074"]
[BlackElo "2367"]
[PlyCount "55"]
[EventDate "2013.01.19"]
[EventType "swiss"]
[EventRounds "9"]
[EventCountry "LBN"]
[SourceTitle "CBM 152 Extra"]
[Source "ChessBase"]
[SourceDate "2013.02.25"]
[SourceVersion "1"]
[SourceVersionDate "2013.02.25"]
[SourceQuality "1"]

1. g3 e5 2. Bg2 Nc6 3. c4 g6 4. Nc3 Bg7 5. Rb1 a5 6. a3 f5 7. d3 Nf6 8. Bg5 h6 9. Bxf6 Bxf6 10. e3 0-0 11. Nge2 d6 12. Nd5 Bg7 13. 0-0 Nb8 14. Qd2 c6 15. Ndc3 Be6 16. b4 axb4 17. axb4 Nd7 18. b5 Qc7 19. Rfc1 Bf7 20. bxc6 bxc6 21. Na2 Rfe8 22. Nb4 e4 23. dxe4 fxe4 24. Nd4 Bxd4 25. exd4 Kg7 26. d5 c5 27. Nc6 Nf6 28. Rb3 1/2-1/2

[Event "FRA-chT1 0910"]
[Site "France"]
[Date "2009.12.13"]
[Round "7.7"]
[White "Lebel, Patrick"]
[Black "Dubessay, Bastien"]
[Result "0-1"]
[WhiteElo "2114"]
[BlackElo "2167"]
[PlyCount "66"]
[EventDate "2009.09.27"]
[EventType "team-tourn"]
[EventRounds "11"]
[EventCountry "FRA"]
[SourceTitle "EXT 2011"]
[Source "ChessBase"]
[SourceDate "2010.11.26"]
[SourceVersion "1"]
[SourceVersionDate "2010.11.26"]
[SourceQuality "1"]

1. b4 e5 2. Bb2 Bxb4 3. Bxe5 Nf6 4. Nf3 0-0 5. e3 d5 6. Be2 Bd6 7. Bxd6 Qxd6 8. 0-0 Bf5 9. d3 c5 10. Nbd2 Nc6 11. c4 dxc4 12. Nxc4 Qe7 13. Qb3 Rfd8 14. Rfd1 h6 15. Qb2 Rab8 16. d4 Be4 17. dxc5 Qxc5 18. Nce5 Nxe5 19. Nxe5 Re8 20. Nf3 Bc6 21. Nd4 Be4 22. Qb5 Rec8 23. Qxc5 Rxc5 24. Rdc1 Rbc8 25. Nb3 Rc2 26. Rxc2 Rxc2 27. Nd4 Rc5 28. f3 Bg6 29. e4 Ra5 30. Kf2 Nd7 31. Ke3 f6 32. Bc4+ Bf7 33. Bxf7+ Kxf7 0-1

[Event "Mediterranean-ch 7th"]
[Site "Rijeka"]
[Date "2009.09.14"]
[Round "5"]
[White "Lebel, Patrick"]
[Black "Orehek, Spela"]
[Result "1/2-1/2"]
[WhiteElo "2125"]
[BlackElo "1870"]
[PlyCount "41"]
[EventDate "2009.09.11"]
[EventType "swiss"]
[EventRounds "9"]
[EventCountry "CRO"]
[SourceTitle "CBM 132 Extra"]
[Source "ChessBase"]
[SourceDate "2009.11.03"]
[SourceVersion "1"]
[SourceVersionDate "2009.11.03"]
[SourceQuality "1"]

1. b4 Nf6 2. Bb2 d6 3. e3 Nbd7 4. c4 g6 5. Nf3 Bg7 6. d4 c6 7. Nc3 0-0 8. Be2 Re8 9. 0-0 Qb6 10. Qb3 Nf8 11. Rfd1 a6 12. a4 Bg4 13. h3 Bxf3 14. Bxf3 e5 15. a5 Qc7 16. Qa4 e4 17. Be2 N8d7 18. b5 c5 19. dxc5 Nxc5 20. Qb4 Rac8 21. Nd5 1/2-1/2

[Event "Mediterranean-ch 7th"]
[Site "Rijeka"]
[Date "2009.09.12"]
[Round "3"]
[White "Lebel, Patrick"]
[Black "Pejic, Igor"]
[Result "1/2-1/2"]
[WhiteElo "2125"]
[BlackElo "1862"]
[PlyCount "24"]
[EventDate "2009.09.11"]
[EventType "swiss"]
[EventRounds "9"]
[EventCountry "CRO"]
[SourceTitle "CBM 132 Extra"]
[Source "ChessBase"]
[SourceDate "2009.11.03"]
[SourceVersion "1"]
[SourceVersionDate "2009.11.03"]
[SourceQuality "1"]

1. b3 d5 2. Bb2 Nf6 3. e3 c6 4. Ne2 Bg4 5. h3 Bxe2 6. Qxe2 e6 7. g3 Nbd7 8. Bg2 Bd6 9. d3 Qe7 10. a3 e5 11. Nd2 0-0 12. 0-0 Rfe8 1/2-1/2

[Event "FRA-chT2 South 0809"]
[Site "France"]
[Date "2009.04.04"]
[Round "10.7"]
[White "Palleja, Xavier"]
[Black "Lebel, Patrick"]
[Result "1/2-1/2"]
[WhiteElo "2251"]
[BlackElo "2123"]
[PlyCount "40"]
[EventDate "2008.10.12"]
[EventType "team-tourn"]
[EventRounds "11"]
[EventCountry "FRA"]
[SourceTitle "EXT 2010"]
[Source "ChessBase"]
[SourceDate "2010.11.25"]
[SourceVersion "1"]
[SourceVersionDate "2010.11.25"]
[SourceQuality "1"]
[WhiteTeam "Montpellier Diagonale"]
[BlackTeam "Monaco"]
[WhiteTeamCountry "FRA"]
[BlackTeamCountry "FRA"]

1. e4 g6 2. d4 Bg7 3. Nc3 d6 4. Be3 Nd7 5. Qd2 a6 6. h4 h6 7. f4 Ndf6 8. Bd3 h5 9. Nf3 Nh6 10. 0-0-0 Nfg4 11. Kb1 c6 12. Rhe1 d5 13. Bg1 0-0 14. Qe2 e6 15. Qd2 Qd7 16. Ne2 b5 17. Ng3 Re8 18. Ng5 f5 19. exd5 exd5 20. Rxe8+ Qxe8 1/2-1/2

[Event "Olympiad-38"]
[Site "Dresden"]
[Date "2008.11.13"]
[Round "1"]
[White "Ahmed, Haseeb"]
[Black "Lebel, Patrick"]
[Result "1-0"]
[WhiteElo "2253"]
[BlackElo "2187"]
[PlyCount "113"]
[EventDate "2008.11.13"]
[EventType "team-swiss"]
[EventRounds "11"]
[EventCountry "GER"]
[SourceTitle "CBM 128"]
[Source "ChessBase"]
[SourceDate "2009.01.28"]
[SourceVersion "1"]
[SourceVersionDate "2009.01.28"]
[SourceQuality "1"]
[WhiteTeam "Pakistan"]
[BlackTeam "Monaco"]
[WhiteTeamCountry "PAK"]
[BlackTeamCountry "MNC"]

1. d4 Nf6 2. c4 Nc6 3. Nf3 e6 4. Nc3 Bb4 5. Qc2 0-0 6. Bg5 h6 7. Bh4 d6 8. e3 e5 9. d5 Nb8 10. 0-0-0 Bxc3 11. Qxc3 Bf5 12. Qa3 Nbd7 13. Nd2 a5 14. e4 Bh7 15. f3 Nc5 16. Nb3 b6 17. Nd2 Rc8 18. Nb1 c6 19. dxc6 Rxc6 20. Nc3 g5 21. Bf2 Ne8 22. g4 Nc7 23. h4 Kg7 24. hxg5 hxg5 25. Be3 f6 26. Kb1 N7e6 27. Ka1 Nf4 28. Nb5 Qe7 29. Qc3 Bg6 30. Qd2 Rd8 31. Qh2 Kf7 32. Rd2 Ke6 33. Qh6 Kf7 34. Nc3 Qf8 35. Qh2 Rcc8 36. Qg3 Ke7 37. Qe1 Kd7 38. Rdh2 Kc6 39. Rh6 Qg7 40. Bxf4 exf4 41. Nd5 Re8 42. Qc3 Re5 43. Rxg6 Qxg6 44. Qxe5 dxe5 45. Ne7+ Kd6 46. Nxg6 Rg8 47. Nh8 Ke6 48. Kb1 Rg7 49. b3 Ke7 50. Rh6 Ne6 51. c5 bxc5 52. Ng6+ Kd6 53. Bc4 Nd4 54. Nf8 Ke7 55. Nh7 Nxf3 56. Nxf6 Nd2+ 57. Kc2 1-0

[Event "FRA-chT2 South 0708"]
[Site "France"]
[Date "2008.02.10"]
[Round "7.5"]
[White "Bes, Stephane"]
[Black "Lebel, Patrick"]
[Result "1/2-1/2"]
[WhiteElo "2139"]
[BlackElo "2177"]
[PlyCount "40"]
[EventDate "2007.10.21"]
[EventType "team"]
[EventRounds "11"]
[EventCountry "FRA"]
[SourceTitle "EXT 2009"]
[Source "ChessBase"]
[SourceDate "2008.11.26"]
[SourceVersion "1"]
[SourceVersionDate "2008.11.26"]
[SourceQuality "1"]
[WhiteTeam "Nice"]
[BlackTeam "Monaco"]
[WhiteTeamCountry "FRA"]
[BlackTeamCountry "FRA"]

1. d4 Nf6 2. c4 Nc6 3. Nf3 e6 4. g3 Bb4+ 5. Bd2 Qe7 6. Bg2 Ne4 7. 0-0 Nxd2 8. Nbxd2 Bxd2 9. Qxd2 d6 10. e4 e5 11. d5 Nb8 12. b4 Nd7 13. Qc3 b6 14. Nd2 a5 15. a3 0-0 16. Nb3 a4 17. Nc1 Bb7 18. Nd3 c6 19. Rac1 cxd5 20. cxd5 Rfc8 1/2-1/2

[Event "FRA-chT2 South 0708"]
[Site "France"]
[Date "2008.01.19"]
[Round "5.5"]
[White "Bouguerra, Tayeb"]
[Black "Lebel, Patrick"]
[Result "1/2-1/2"]
[WhiteElo "2002"]
[BlackElo "2177"]
[PlyCount "34"]
[EventDate "2007.10.21"]
[EventType "team"]
[EventRounds "11"]
[EventCountry "FRA"]
[SourceTitle "EXT 2009"]
[Source "ChessBase"]
[SourceDate "2008.11.26"]
[SourceVersion "1"]
[SourceVersionDate "2008.11.26"]
[SourceQuality "1"]
[WhiteTeam "Montpellier Diagonale"]
[BlackTeam "Monaco"]
[WhiteTeamCountry "FRA"]
[BlackTeamCountry "FRA"]

1. d4 Nf6 2. Nc3 d5 3. Nf3 Bf5 4. Bg5 e6 5. a3 Be7 6. e3 Nbd7 7. Bd3 Bxd3 8. cxd3 0-0 9. 0-0 c5 10. dxc5 Nxc5 11. b4 Ncd7 12. Rc1 Rc8 13. Qb3 h6 14. Bh4 Nh5 15. Bxe7 Qxe7 16. Qb2 Nhf6 17. Rc2 e5 1/2-1/2

[Event "NATO-ch 18th"]
[Site "Ankara"]
[Date "2007.09.05"]
[Round "5"]
[White "Lebel, Patrick"]
[Black "Taffinder, Douglas"]
[Result "1/2-1/2"]
[WhiteElo "2184"]
[BlackElo "2078"]
[PlyCount "52"]
[EventDate "2007.09.01"]
[EventType "swiss"]
[EventRounds "7"]
[EventCountry "TUR"]
[SourceTitle "EXT 2008"]
[Source "ChessBase"]
[SourceDate "2007.11.25"]
[SourceVersion "1"]
[SourceVersionDate "2007.11.25"]
[SourceQuality "1"]
[WhiteTeam "France"]
[BlackTeam "United States"]
[WhiteTeamCountry "FRA"]
[BlackTeamCountry "USA"]

1. d4 Nf6 2. Nf3 g6 3. c4 Bg7 4. Nc3 0-0 5. Bf4 d6 6. e3 Nbd7 7. Be2 Re8 8. h3 a6 9. 0-0 c5 10. d5 Qc7 11. e4 Rf8 12. Qd2 b6 13. Bh6 Bb7 14. Bxg7 Kxg7 15. Nh2 e5 16. Ng4 Nxg4 17. hxg4 h6 18. g3 Qd8 19. Kg2 Qe7 20. Rh1 Rh8 21. Rh2 g5 22. Nd1 Bc8 23. Ne3 Nf6 24. f3 Bd7 25. Rah1 a5 26. b3 Rag8 1/2-1/2

[Event "Mediterranean-ch 4th"]
[Site "Cannes"]
[Date "2007.02.24"]
[Round "8"]
[White "Lebel, Patrick"]
[Black "Calzetta Ruiz, Monica"]
[Result "0-1"]
[WhiteElo "2165"]
[BlackElo "2352"]
[PlyCount "64"]
[EventDate "2007.02.18"]
[EventType "swiss"]
[EventRounds "9"]
[EventCountry "FRA"]
[SourceTitle "CBM 116 Extra"]
[Source "ChessBase"]
[SourceDate "2007.03.07"]
[SourceVersion "1"]
[SourceVersionDate "2007.03.07"]
[SourceQuality "1"]

1. d4 Nf6 2. Nf3 c5 3. e3 g6 4. Nbd2 Bg7 5. Bd3 b6 6. 0-0 0-0 7. b3 cxd4 8. exd4 Bb7 9. Bb2 Nc6 10. a3 Rc8 11. Re1 d5 12. Qe2 Rc7 13. Rad1 Nh5 14. g3 Bc8 15. Nf1 Nf6 16. Ne3 Ng4 17. Ng2 Bf5 18. Bxf5 gxf5 19. Nf4 Nf6 20. Ne5 Qc8 21. Rc1 e6 22. Nfd3 Na5 23. Nb4 Qb7 24. Qd3 Rfc8 25. Re2 Ne4 26. f3 Nc3 27. Re3 Bh6 28. f4 Ne4 29. Re2 b5 30. Kg2 Qb6 31. Kh3 Nb7 32. Qf3 Nf6 0-1

[Event "FRA-chT3 Gr01 0607"]
[Site "France"]
[Date "2007.01.21"]
[Round "5.5"]
[White "Azouit, Remi"]
[Black "Lebel, Patrick"]
[Result "1/2-1/2"]
[WhiteElo "1860"]
[BlackElo "2165"]
[PlyCount "53"]
[EventDate "2006.10.15"]
[EventType "team"]
[EventRounds "9"]
[EventCountry "FRA"]
[SourceTitle "EXT 2008"]
[Source "ChessBase"]
[SourceDate "2007.11.25"]
[SourceVersion "1"]
[SourceVersionDate "2007.11.25"]
[SourceQuality "1"]

1. e4 Nf6 2. Nc3 Nc6 3. d4 d5 4. e5 Nd7 5. Nxd5 Ndb8 6. Bc4 e6 7. Nc3 Qxd4 8. Qxd4 Nxd4 9. Nb5 Nxb5 10. Bxb5+ Bd7 11. Bxd7+ Nxd7 12. Nf3 Be7 13. Be3 0-0 14. 0-0-0 Nb6 15. Bxb6 axb6 16. a3 Rfd8 17. Kb1 Bc5 18. Rhf1 b5 19. Kc1 Rd5 20. g4 h6 21. h4 c6 22. Kb1 Kf8 23. Ka2 Bb6 24. Kb1 Rdd8 25. Kc1 Rd5 26. Kb1 Bc5 27. Kc1 1/2-1/2

[Event "FRA-chT3 Gr01 0607"]
[Site "France"]
[Date "2006.12.10"]
[Round "4.5"]
[White "Garnier, Jean Paul"]
[Black "Lebel, Patrick"]
[Result "1/2-1/2"]
[WhiteElo "2010"]
[BlackElo "2149"]
[PlyCount "48"]
[EventDate "2006.10.15"]
[EventType "team"]
[EventRounds "9"]
[EventCountry "FRA"]
[SourceTitle "EXT 2008"]
[Source "ChessBase"]
[SourceDate "2007.11.25"]
[SourceVersion "1"]
[SourceVersionDate "2007.11.25"]
[SourceQuality "1"]

1. e4 Nc6 2. Nc3 Nf6 3. d4 d5 4. e5 Ng8 5. Nce2 Bf5 6. Ng3 Bg6 7. f4 e6 8. c3 Nge7 9. Bd3 Qd7 10. Nf3 Bxd3 11. Qxd3 h5 12. h4 g6 13. Be3 Nf5 14. Nxf5 exf5 15. Kf2 Nd8 16. c4 Ne6 17. c5 Be7 18. g3 a5 19. Rhc1 0-0 20. Rc2 Rfb8 21. a4 Nd8 22. Bd2 c6 23. b4 axb4 24. Bxb4 b5 1/2-1/2

[Event "NATO-ch 16th"]
[Site "Kolobrzeg"]
[Date "2005.08.26"]
[Round "6"]
[White "Wantiez, Fabrice"]
[Black "Lebel, Patrick"]
[Result "1-0"]
[WhiteElo "2265"]
[BlackElo "2159"]
[PlyCount "132"]
[EventDate "2005.08.21"]
[EventType "swiss"]
[EventRounds "7"]
[EventCountry "POL"]
[SourceTitle "CBM 108 Extra"]
[Source "ChessBase"]
[SourceDate "2005.11.04"]
[SourceVersion "1"]
[SourceVersionDate "2005.11.04"]
[SourceQuality "1"]

1. e4 b6 2. d4 Bb7 3. f3 e6 4. Bd3 d5 5. Ne2 c5 6. exd5 exd5 7. Ng3 g6 8. 0-0 Bg7 9. Re1+ Ne7 10. Bb5+ Nbc6 11. dxc5 bxc5 12. Nc3 0-0 13. Bf4 h6 14. Rb1 Nd4 15. Qd2 Kh7 16. Be5 Re8 17. Qf4 Nec6 18. Bxg7 Kxg7 19. Rxe8 Qxe8 20. Nxd5 Rd8 21. Qf6+ Kg8 22. Qxc6 Qxc6 23. Ne7+ Kf8 24. Nxc6 Bxc6 25. Bxc6 Nxc6 26. c3 f5 27. Re1 Rd2 28. Re2 Rd1+ 29. Kf2 Kf7 30. Nf1 Ra1 31. a3 Rb1 32. Ne3 Ne5 33. Kg3 f4+ 34. Kxf4 Nd3+ 35. Ke4 Nxb2 36. Kd5 Na4 37. Rc2 Rb3 38. Nc4 Kf6 39. g3 Nxc3+ 40. Kxc5 Na4+ 41. Kc6 Nb6 42. Nxb6 Rxb6+ 43. Kc7 Rb3 44. Rc6+ Kf5 45. Rc5+ Kf6 46. Rc6+ Kf5 47. g4+ Kg5 48. h4+ Kxh4 49. Rxg6 Rxa3 50. Rxh6+ Kg3 51. Rf6 Kh4 52. Kd6 Kg5 53. Rf5+ Kg6 54. Rf8 a6 55. Ke5 a5 56. Kf4 Rb3 57. Ra8 Rb4+ 58. Kg3 Rc4 59. Ra6+ Kg5 60. Rxa5+ Kg6 61. f4 Rb4 62. Ra6+ Kf7 63. Ra7+ Kf6 64. Ra6+ Kf7 65. g5 Rb3+ 66. Kh4 Ra3 1-0

[Event "NATO-ch 16th"]
[Site "Kolobrzeg"]
[Date "2005.08.25"]
[Round "5"]
[White "Lebel, Patrick"]
[Black "Pioch, Zygmunt"]
[Result "1/2-1/2"]
[WhiteElo "2159"]
[BlackElo "2245"]
[PlyCount "21"]
[EventDate "2005.08.21"]
[EventType "swiss"]
[EventRounds "7"]
[EventCountry "POL"]
[SourceTitle "CBM 108 Extra"]
[Source "ChessBase"]
[SourceDate "2005.11.04"]
[SourceVersion "1"]
[SourceVersionDate "2005.11.04"]
[SourceQuality "1"]

1. d4 Nf6 2. Nf3 e6 3. e3 c5 4. Nbd2 b6 5. c3 Be7 6. Bd3 Ba6 7. Bxa6 Nxa6 8. 0-0 0-0 9. Qe2 Qc8 10. a3 cxd4 11. exd4 1/2-1/2